000 03887nam0a2200397 4500
001 RU\NLR\BIBL_A\016214545
005 20221209122151.0
010 _a978-5-8291-3958-2
_9500
021 _aRU
_bКН-П-22-072749
_9КН-П-22-6334
035 _a(NLR Aleph) 016214545
035 _a(RuMoRGB)011297347
090 _a12718010
_c12718010
100 _a20221122d2022 k y0rusy50 ca
101 0 _arus
102 _aRU
105 _a |||z|||000zy
181 0 _ai3
_baxxe
182 0 _an
200 1 _aРазвитие бережливых производственных систем в России
_eсинергия возможностей
_eколлективная монография
_fЭ. В. Кондратьев, д.э.н., Н. А. Митрофанов, Н. А. Гудз [и др.]
_gпод ред. Э. В. Кондратьева
_gМинистерство науки и высшего образования Российской Федерации, Российская академия народного хозяйства и государственной службы при Президенте Российской Федерации [и др.]
203 _aТекст
_bвизуальный
_cнепосредственный
210 _aМосква
_cАкадемический проект
_d2022
215 _a233, [1] с.
_cил., табл.
_d22
300 _aАвт. указаны на обороте тит. с.
320 _aБиблиогр.: с. 215-220 и в подстроч. примеч.
330 _aКоллективная монография посвящена практике применения идей синергетики в управлении сложными системами в консалтинге. Читатель погружается в мир сложных систем, синергии групповой работы, лидерства сложности, фрактайлинга и резонансного менеджмента. Авторы монографии - это практики, совмещающие консультирование и управление предприятиями с активной научной деятельностью. В основу научно-методического знания положен опыт управления и реализации консалтинговых проектов. Работа интересна собственникам, руководителям и лидерам перемен, кто находится на переднем плане современных методов развития предприятий. Может использоваться в качестве альманаха для подготовки бакалавров, магистров, слушателей МВА, DBA и аспирантов в области менеджмента, управления персоналом и управления качеством
606 1 _aПроизводство
_xЭффективность
_xУправление
_yРоссийская Федерация
_92475876
_3RU\NLR\AUTH\6601686922
686 1 _aУ30(2)-07-21(2Р)
701 1 _7ca
_8rus
_aКондратьев
_bЭ. В.
_cд-р экон. наук
_f1974-
_gЭдуард Викторович
_924445
_3RU\NLR\AUTH\7741497
701 1 _aМитрофанов
_bН. А.
_f1972-
_gНиколай Андреевич
701 1 _aГудз
_bН. А.
_f1973-
_gНиколай Анатольевич
712 0 2 _4570
_aРоссийская академия народного хозяйства и государственной службы
_9844882
_3RU\NLR\AUTH\8810174408
942 _cBOOK
980 _aNB